Propiedad de la tierra indígena en el extremo norte chileno: historia, contexto y casos
Saved in:
| Main Authors: | , |
|---|---|
| Format: | Book |
| Language: | Spanish |
| Published: |
Arica
Ediciones Universidad de Tarapacá
2017
|
| Edition: | 1a. ed |
| Subjects: | |
| Tags: |
Add Tag
No Tags, Be the first to tag this record!
|
MARC
| LEADER | 00000cam a2200000 a 4500 | ||
|---|---|---|---|
| 001 | UCC2946 | ||
| 003 | CL-VaPUC | ||
| 008 | 180329e20170000cl |||||||||||||||||spa|d | ||
| 020 | |a 9789567021864 | ||
| 082 | 0 | 4 | |a 333.320983 |b GON |2 21 |
| 100 | |a González Cortez, Héctor |e author |9 596931 | ||
| 700 | 0 | |a Ruz Zagal, Rodrigo |e author |9 596932 | |
| 245 | 1 | 0 | |a Propiedad de la tierra indígena en el extremo norte chileno: historia, contexto y casos |
| 250 | |a 1a. ed | ||
| 300 | |a 161 p | ||
| 942 | |c BK | ||
| 945 | |d 20180329 11:34:00 |a dcastane | ||
| 260 | |a Arica |b Ediciones Universidad de Tarapacá |c 2017 | ||
| 650 | 7 | |a DESARROLLO RURAL |2 CL-VaPUC |9 596933 | |
| 650 | 7 | |a DESARROLLO AGRICOLA |2 CL-VaPUC |9 259759 | |
| 650 | 0 | |a Territorio |9 378883 | |
| 583 | |a last modification |c 20180329 11:34:00 |k Rodrigo Vera | ||
| 999 | |c 370830 |d 370828 | ||
| 952 | |0 0 |1 0 |3 erb |4 0 |6 333_320983000000000_GON_2017 |7 0 |8 A |9 487500 |a BIBHIS |b BIBHIS |i 5460611 |o 333.320983 GON 2017 |p 5460611 |r 2025-01-20 |w 2019-11-24 |y BK |z Catalogado en:20180329 |k HIS | ||